Chronicles of the cursed sword #18/ story by Yeo ... Read More
Available copies
- 1 of 1 copy available at LARL/NWRL Consortium.
- 1 of 1 copy available at Lake Agassiz Regional Library. (Show preferred library)
Current holds
0 current holds with 1 total copy.
Show All Copies
| Location | Call Number / Copy Notes | Barcode | Shelving Location | Status | Due Date |
|---|---|---|---|---|---|
| Moorhead Public Library | Y G YEO (Text) | 33500009285131 | Main | Available | - |
Record details
- ISBN: 9781598162059
- ISBN: 1598162055
- Physical Description: 182 p. : ill. ; 19 cm.
- Publisher: Los Angeles, CA : Tokyopop, c2007.
Content descriptions
| Target Audience Note: | 13+ |
Search for related items by subject
| Subject: | Comic books, strips, etc. > Korea (South) > Translations into English. Graphic novels > Korea (South) > Translations into English. |
| Genre: | Fantasy comic books, strips, etc. |
Search for related items by series
| LDR | 01518nam a2200349Ka 4500 | ||
|---|---|---|---|
| 001 | 79835 | ||
| 003 | LARL_NWRL_CONSORTIUM | ||
| 005 | 20070509125651.0 | ||
| 008 | 070428s2007 cau 000 0 eng d | ||
| 020 | . | ‡a9781598162059 | |
| 020 | . | ‡a1598162055 | |
| 035 | . | ‡a(OCoLC)123840196 | |
| 100 | 1 | . | ‡aYŏ, Pŏm-nyong. ‡0(LARL_NWRL_CONSORTIUM)194657 |
| 245 | 1 | 0. | ‡aChronicles of the cursed sword ‡n#18/ ‡cstory by Yeo Beop-Ryong ; art by Park Hui-Jin [translation, Yongji Ryu ;English adaption, Matt Varosky. |
| 260 | . | ‡aLos Angeles, CA : ‡bTokyopop, ‡cc2007. | |
| 300 | . | ‡a182 p. : ‡bill. ; ‡c19 cm. | |
| 490 | 0 | . | ‡aChronicles of the cursed sword ; ‡v18 |
| 521 | 1 | . | ‡a13+ |
| 650 | 0. | ‡aComic books, strips, etc. ‡zKorea (South) ‡vTranslations into English. | |
| 650 | 0. | ‡aGraphic novels ‡zKorea (South) ‡vTranslations into English. | |
| 655 | 0. | ‡aFantasy comic books, strips, etc. | |
| 700 | 1 | . | ‡aPak, Hŭi-jin. ‡0(LARL_NWRL_CONSORTIUM)194658 |
| 700 | 1 | . | ‡aRyu, Yongji. |
| 700 | 1 | . | ‡aVarosky, Matt. ‡0(LARL_NWRL_CONSORTIUM)194646 |
| 901 | . | ‡a79835 ‡bOCLC ‡c79835 ‡tbiblio | |

Add to basket
Permalink
Disable Highlighting